Deutsche Alben der 1990er-Jahre - Statistiken

Allgemein
  • Dieses Quiz wurde 53 mal gespielt
  • Das Durchschnittsergebnis liegt bei 10 aus 25
Antwortstatistiken
Jahr Album Interpret % Korrekt
1990 Herzilein Wildecker Herzbuben
88%
1996 Opium fürs Volk Die Toten Hosen
72%
1993 Die Bestie in Menschengestalt Die Ärzte
70%
1992 4 gewinnt Die Fantastischen Vier
67%
1993 Seiltänzertraum Pur
67%
1992 Das Boot U96
65%
1995 Lieder, die die Welt nicht braucht Die Doofen
56%
1993 Es gibt Reis, Baby Helge Schneider
56%
1994 Affentheater Marius Müller-Westernhagen
51%
1998 Nicht von dieser Welt Xavier Naidoo
51%
1997 Die neue S-Klasse Sabrina Setlur
42%
1996 Außen Top Hits, innen Geschmack Fettes Brot
40%
1991 Das Leben ist grausam Die Prinzen
35%
1997 Klappe die 2te Tic Tac Toe
35%
1997 Verliebt … Blümchen
30%
1990 Crazy World Scorpions
30%
1997 Nie genug Wolfgang Petry
30%
1997 Proud like a God Guano Apes
28%
1999 Freischwimmer Echt
26%
1995 Never Stop That Feeling Mark 'Oh
19%
1999 Back to the Heavyweight Jam Scooter
19%
1998 Back for Good Modern Talking
14%
1997 Danke! Guildo Horn
9%
1998 Dedicated to … Sasha
9%
1995 hier: Selig
7%
Keine übereinstimmenden Quizze gefunden
Verteilung der Resultate
Anzahl Personen mit jedem Resultat
Perzentil nach korrekt beantworteten Fragen
Ihre Resultats-Entwicklung
Sie haben dieses Quiz noch nicht gespielt